000 00550nam a22001577a 4500
003 SISC
005 20170712160013.0
008 170710b xxu||||| |||| 00| 0 eng d
050 _aBT 770
_b.L775 2004
110 _aAng Lingkod ng Panginoon.
245 _aNot to us, O Lord :
_breal faith in real life... working peoples' stories of faith /
_cAng Lingkod ng Panginoon.
260 _aQuezon City :
_bWord of Joy Foundation, Inc.,
_c2004.
300 _a166 pages ;
_c21 cm.
650 _aInspiration--Religious aspects--Christianity.
942 _2lcc
_cBK
999 _c337469
_d337469